[Event "Superettan(Rockaden II,Sthlm-Upsala II)"]
[Site "?"]
[Date "2007.11.17"]
[Round "3"]
[White "Fallman, Micael"]
[Black "Revelj, Oskar"]
[Result "0-1"]
[WhiteElo "2090"]
[BlackElo "2132"]
[PlyCount "158"]
[EventDate "2007.??.??"]

1. d4 d6 2. Nf3 Bg4 3. c4 c6 4. Nc3 Nd7 5. g3 Bxf3 6. exf3 Ngf6 7. Bg2 e6 8.
O-O Be7 9. Re1 d5 10. b3 O-O 11. Bb2 dxc4 12. bxc4 Nb6 13. Bf1 c5 14. Ne4 cxd4
15. Bxd4 Nxe4 16. fxe4 Rc8 17. Bxb6 Qxb6 18. Rb1 Qc7 19. Qa4 Bc5 20. Red1 Rfd8
21. Rxd8+ Rxd8 22. Rd1 Kf8 23. Qb3 Rxd1 24. Qxd1 Ke7 25. Bd3 Qd6 26. Qe2 Qd4
27. Kg2 h6 28. h4 a5 29. Kf3 a4 30. Kg2 a3 31. Qc2 Kd6 32. Kf3 Qf6+ 33. Kg2 Qb2
34. Kf3 Ke5 35. Qe2 b6 36. h5 f6 37. g4 Qa1 38. Kg2 Qb2 39. Kf3 Kd4 40. Bc2
Qc3+ 41. Qe3+ Qxe3+ 42. fxe3+ Kc3 43. Bb3 Kd3 44. Ba4 Bxe3 45. Bd7 e5 46. Bb5
Bc5 47. Ba4 Kxc4 48. Bb3+ Kd3 49. Bf7 b5 50. Bd5 Kd2 51. Be6 Ke1 52. Bd5 Bd4
53. Be6 Kf1 54. Bd5 b4 55. Be6 Bc3 56. Bd5 Kg1 57. Bc4 Kh2 58. Bd5 Kh3 59. Bf7
Kh4 60. Be6 Kg5 61. Bf7 Bb2 62. Be6 g6 63. hxg6 Kxg6 64. Bd5 Kg5 65. Bf7 Bd4
66. Be6 Bc5 67. Bd5 Be7 68. Bc6 Bf8 69. Bd5 Bd6 70. Bf7 f5 71. exf5 e4+ 72.
Kxe4 Kxg4 73. Bb3 Kg3 74. Kd5 Bf8 75. f6 h5 76. Ke4 h4 77. Ke3 h3 78. Kd2 h2
79. Bd5 b3 0-1

[Event "Superettan(Rockaden II,Sthlm-Upsala II)"]
[Site "?"]
[Date "2007.11.17"]
[Round "3"]
[White "Dolata, Henryk"]
[Black "Berggren, Jonathan"]
[Result "1-0"]
[WhiteElo "2023"]
[BlackElo "1949"]
[PlyCount "69"]
[EventDate "2007.??.??"]

1. e4 c5 2. c3 Nf6 3. e5 Nd5 4. d4 cxd4 5. Nf3 Nc6 6. cxd4 d6 7. Bc4 e6 8. Qe2
Be7 9. O-O Nb6 10. Bb3 O-O 11. Nc3 Re8 12. Bf4 d5 13. h4 Nd7 14. g3 a6 15. Rac1
Nf8 16. Rfd1 Bd7 17. Bc2 Rc8 18. Kg2 Na7 19. Bg5 Bxg5 20. hxg5 Nc6 21. Rh1 Ne7
22. Qd2 Neg6 23. Ne2 Qe7 24. Nf4 Nxf4+ 25. Qxf4 Ng6 26. Qg4 Rxc2 27. Rxc2 Bc6
28. Qh5 Nf8 29. a3 Qd8 30. b4 Qd7 31. Nh2 Bb5 32. Ng4 Bd3 33. Nf6+ gxf6 34.
gxf6 Be4+ 35. Kh2 1-0

[Event "Superettan(Rockaden,Umea-Passanten)"]
[Site "?"]
[Date "2007.11.17"]
[Round "3"]
[White "Cramling, Dan"]
[Black "Malmstig, Erik"]
[Result "0-1"]
[WhiteElo "2382"]
[BlackElo "2334"]
[PlyCount "55"]
[EventDate "2007.??.??"]

1. d4 Nf6 2. c4 c5 3. d5 b5 4. cxb5 a6 5. bxa6 g6 6. Nc3 Bxa6 7. f4 Bg7 8. Nf3
Qa5 9. Bd2 Qb6 10. e4 d6 11. Bxa6 Qxa6 12. Rb1 Nbd7 13. Qe2 O-O 14. Qxa6 Rxa6
15. O-O Rb8 16. Rfe1 Ne8 17. e5 Nc7 18. Kf1 Raa8 19. Red1 Nb6 20. Bc1 Na4 21.
Nxa4 Rxa4 22. Ra1 Rb5 23. Ke2 f5 24. Rd2 Rxf4 25. a4 Ra5 26. b3 Rb4 27. Ra3 Bh6
28. Rd1 0-1

[Event "Superettan(Rockaden,Umea-Passanten)"]
[Site "?"]
[Date "2007.11.17"]
[Round "3"]
[White "Nygren, David"]
[Black "Sanden, Stefan"]
[Result "0-1"]
[WhiteElo "2288"]
[BlackElo "2327"]
[PlyCount "116"]

1. e4 c5 2. c3 d5 3. exd5 Qxd5 4. d4 Nf6 5. Nf3 Nc6 6. Be2 cxd4 7. cxd4 e6 8.
O-O Be7 9. Nc3 Qd6 10. Nb5 Qd8 11. Bf4 Nd5 12. Bg3 a6 13. Nc3 O-O 14. Rc1 Nxc3
15. bxc3 Bf6 16. Qd2 Qa5 17. Rfd1 Rd8 18. Qc2 Bd7 19. Nd2 b5 20. Ne4 Be7 21.
Nd6 Bxd6 22. Bxd6 Be8 23. Bc5 Qc7 24. Qe4 Ne7 25. Bxe7 Qxe7 26. d5 Rac8 27. c4
g6 28. h4 bxc4 29. Bxc4 Bb5 30. Bb3 Rxc1 31. Rxc1 Qa3 32. Rd1 exd5 33. Bxd5 Re8
34. Qf4 Qe7 35. Rc1 Rd8 36. Rc7 Rd7 37. Rc8+ Kg7 38. h5 g5 39. Qf5 Rd6 40. Be4
Rh6 41. Qd5 Rd6 42. Qa8 Rd1+ 43. Kh2 Qe5+ 44. g3 Qd4 45. Rc2 h6 46. Bg2 Rd2 47.
Rc8 Rxf2 48. Rg8+ Kh7 49. Rd8 Bc6 50. Qxc6 Qxd8 51. Qe4+ Kg7 52. a4 Qf6 53. Kg1
Rd2 54. Kh2 Rd4 55. Qc2 Qe5 56. Qb3 g4 57. Kg1 Qxh5 58. Qc2 Qe5 0-1

[Event "Superettan(Rockaden,Umea-Passanten)"]
[Site "?"]
[Date "2007.11.17"]
[Round "3"]
[White "Larsson, Per"]
[Black "Forsberg, Viktor"]
[Result "1-0"]
[WhiteElo "2360"]
[BlackElo "2312"]
[PlyCount "85"]

1. Nf3 Nf6 2. c4 e6 3. g3 d5 4. d4 Bb4+ 5. Bd2 Be7 6. Bg2 O-O 7. O-O c6 8. Qb3
Nbd7 9. Nc3 a5 10. Rfc1 Ne4 11. Be1 f5 12. e3 Kh8 13. Ne2 Bd6 14. Nf4 Qe8 15.
Nd3 Rf6 16. Nde5 Rh6 17. Nxd7 a4 18. Qd1 Bxd7 19. Ne5 Bxe5 20. dxe5 Qb8 21. f3
Ng5 22. h4 Nf7 23. f4 Rg6 24. Bf3 Be8 25. Qd4 Nd8 26. Rc2 b6 27. Rd1 Qb7 28.
Kh2 Rh6 29. Rdc1 c5 30. Qd3 Bc6 31. cxd5 exd5 32. Qxf5 Ne6 33. Bf2 Rf8 34. Qh3
g5 35. Bg4 gxh4 36. gxh4 Qe7 37. Bg3 d4 38. Bxe6 Rxe6 39. exd4 Rh6 40. f5 Qd7
41. e6 Qxd4 42. Re2 Be4 43. Rce1 1-0

[Event "Superettan(Rockaden,Umea-Passanten)"]
[Site "?"]
[Date "2007.11.17"]
[Round "3"]
[White "Lindgren, Fredrik"]
[Black "Lundin, Anders"]
[Result "1/2-1/2"]
[WhiteElo "2279"]
[BlackElo "2190"]
[PlyCount "139"]

1. e4 c5 2. Nf3 e6 3. d3 d5 4. Nbd2 Nc6 5. g3 Nf6 6. Bg2 Be7 7. O-O b6 8. Re1
Bb7 9. exd5 Nxd5 10. d4 cxd4 11. Nb3 O-O 12. Nbxd4 Nxd4 13. Nxd4 Rc8 14. c3 Qd7
15. h4 Rfd8 16. Bg5 Nf6 17. Qe2 Bxg2 18. Kxg2 Qd5+ 19. Nf3 h6 20. Red1 Qb7 21.
Bxf6 Bxf6 22. Rxd8+ Rxd8 23. Rd1 Rxd1 24. Qxd1 Qc6 25. Kg1 Qe4 26. Ne1 b5 27.
a3 a5 28. Nc2 g6 29. Kh2 Kg7 30. Kg1 Qc4 31. Ne3 Qe4 32. Nc2 h5 33. Kh2 Qc4 34.
Ne3 Qe4 35. Nc2 Be5 36. Qe1 Qxh4+ 37. Kg2 Qg5 38. Qe4 Bf6 39. Ne3 Qc5 40. Qa8
b4 41. cxb4 axb4 42. Qa4 bxa3 43. b4 Qd4 44. Qxa3 Be7 45. Qa8 Qxb4 46. Qc6 Qd4
47. Qb7 Bg5 48. Qf3 Bxe3 49. fxe3 Qb2+ 50. Kh3 Qf6 51. Qe2 Qf5+ 52. Kh2 Qe5 53.
Kh3 Qe4 54. Kh2 e5 55. Qf2 g5 56. Qe2 g4 57. Qd2 Qf3 58. e4 Kg6 59. Qd6+ f6 60.
Qd5 Qf2+ 61. Kh1 Qf1+ 62. Kh2 Qh3+ 63. Kg1 Qxg3+ 64. Kh1 Kg5 65. Qg8+ Kf4 66.
Qg5+ Kxe4 67. Qf5+ Kd4 68. Qe4+ Kc3 69. Qb4+ Kc2 70. Qd2+ 1/2-1/2

[Event "Superettan(Rockaden,Umea-Passanten)"]
[Site "?"]
[Date "2007.11.17"]
[Round "3"]
[White "Ekelund, Peter"]
[Black "Engman, Rickard"]
[Result "1-0"]
[WhiteElo "2114"]
[BlackElo "2264"]
[PlyCount "51"]

1. d4 Nf6 2. Nf3 e6 3. g3 b5 4. Bg2 Bb7 5. O-O c5 6. c3 Qb6 7. Bf4 Nc6 8. dxc5
Bxc5 9. e3 Nd5 10. Qd3 Nxf4 11. exf4 O-O 12. Ng5 g6 13. Nd2 d5 14. h4 b4 15. h5
Ba6 16. Qc2 Bxf1 17. Rxf1 Ne7 18. hxg6 hxg6 19. Ndf3 bxc3 20. bxc3 Rac8 21. Ne5
Rc7 22. Qd3 Bd6 23. g4 Kg7 24. Nexf7 Bxf4 25. Qh3 Ng8 26. Qh8# 1-0

[Event "Superettan(Rockaden,Umea-Passanten)"]
[Site "?"]
[Date "2007.11.17"]
[Round "3"]
[White "Hammar, Ulf"]
[Black "Loven, Anders"]
[Result "1/2-1/2"]
[WhiteElo "2152"]
[BlackElo "2145"]
[PlyCount "90"]

1. d4 d5 2. c4 dxc4 3. Nf3 Nf6 4. e3 e6 5. Bxc4 c5 6. O-O a6 7. a4 Nc6 8. Qe2
Qc7 9. Nc3 Bd6 10. Rd1 O-O 11. h3 e5 12. dxe5 Nxe5 13. Nxe5 Bxe5 14. e4 Re8 15.
Nd5 Nxd5 16. Bxd5 Be6 17. Be3 Qb6 18. Qc4 Bxd5 19. Rxd5 Qxb2 20. Rad1 b5 21.
axb5 Qxb5 22. Qxc5 Qxc5 23. Bxc5 Bf6 24. f3 a5 25. Bd4 Bxd4+ 26. R5xd4 Reb8 27.
Ra4 Rb5 28. Kf2 g6 29. Rd7 Rc8 30. Ra1 Rbc5 31. Kg3 Ra8 32. Rb1 a4 33. Rbb7 a3
34. Rxf7 Rh5 35. Rg7+ Kh8 36. Ra7 Ra5 37. Rxh7+ Kg8 38. Rhg7+ Kh8 39. Rh7+ Kg8
40. Rag7+ Kf8 41. Rc7 Kg8 42. Rhg7+ Kh8 43. e5 a2 44. Rh7+ Kg8 45. Rcg7+ Kf8
1/2-1/2

[Event "Superettan(Rockaden,Umea-Passanten)"]
[Site "?"]
[Date "2007.11.17"]
[Round "3"]
[White "Danielsson, Robert"]
[Black "Larsson, Johan"]
[Result "0-1"]
[WhiteElo "1987"]
[BlackElo "2138"]
[PlyCount "120"]

1. d4 Nf6 2. c4 g6 3. Nc3 Bg7 4. e4 d6 5. f3 O-O 6. Be3 c5 7. dxc5 dxc5 8. Qxd8
Rxd8 9. Bxc5 Nc6 10. Nge2 Nd7 11. Bf2 Nde5 12. Nf4 Nb4 13. Rd1 Rxd1+ 14. Kxd1
g5 15. a3 Nbc6 16. Nfd5 e6 17. Nc7 Rb8 18. N7b5 a6 19. Nd4 Na5 20. c5 Bd7 21.
Kc2 Rc8 22. b4 Nac6 23. Nb3 a5 24. b5 Nb8 25. a4 Be8 26. Be2 Nbd7 27. Rd1 Bf8
28. c6 bxc6 29. b6 Rb8 30. Nxa5 Bb4 31. Nc4 Nxc4 32. Bxc4 Nxb6 33. Bb3 c5 34.
Na2 Bxa4 35. Nxb4 cxb4 36. Bxb6 Bxb3+ 37. Kxb3 Rxb6 38. Rd4 Kg7 39. Rxb4 Rd6
40. Kc3 Rd1 41. Rd4 Rh1 42. h3 h5 43. Rd2 Kf6 44. Kd4 Ra1 45. Ke3 h4 46. Rb2
Ra5 47. Rd2 Ke5 48. Rd7 Ra2 49. Rd2 Rxd2 50. Kxd2 Kf4 51. Ke2 Kg3 52. Kf1 e5
53. Kg1 f6 54. Kf1 g4 55. hxg4 h3 56. gxh3 Kxf3 57. Ke1 Kg3 58. Ke2 Kxh3 59.
Kf3 Kh4 60. g5 fxg5 0-1

[Event "Superettan(Rock.II,Sthlm-Rockaden,Umea)"]
[Site "?"]
[Date "2008.01.12"]
[Round "4"]
[White "Lindgren, Fredrik"]
[Black "Zadruzny, Nicolaj"]
[Result "0-1"]
[WhiteElo "2282"]
[BlackElo "2306"]
[PlyCount "64"]
[EventDate "2008.??.??"]
[SourceDate "2008.01.29"]

1. d4 f5 2. Nf3 Nf6 3. h3 d5 4. g4 fxg4 5. hxg4 Bxg4 6. Ng5 Qd6 7. Qd3 Nc6 8.
Nc3 Nb4 9. Qd2 Bf5 10. Nb5 Nxc2+ 11. Kd1 Qc6 12. e4 Nxe4 13. Nxe4 Bxe4 14. Nc3
Qg6 15. Nxe4 Qxe4 16. Bd3 Qxh1+ 17. Kxc2 e6 18. Qg5 Qh6 19. Qg4 Qf6 20. Bd2
O-O-O 21. Rc1 Bd6 22. Kb1 h6 23. Bg6 Kb8 24. Be3 e5 25. dxe5 Bxe5 26. Bd3 d4
27. Bd2 g5 28. Bf1 Qxf2 29. Qe4 Qxd2 30. Qxe5 Qf4 31. Qb5 Rhf8 32. Bg2 Qf5+ 0-1

[Event "Superettan(Rock.II,Sthlm-Rockaden,Umea)"]
[Site "?"]
[Date "2008.01.12"]
[Round "4"]
[White "Upmark, Johan"]
[Black "Malmstig, Erik"]
[Result "1-0"]
[WhiteElo "2295"]
[BlackElo "2343"]
[PlyCount "73"]

1. e4 d6 2. Nc3 Nf6 3. g3 g6 4. Bg2 Bg7 5. f4 e5 6. Nf3 exf4 7. gxf4 d5 8. e5
Ne4 9. Nxd5 Qxd5 10. Ng5 f5 11. exf6 Bxf6 12. Bxe4 Qc5 13. d3 Bxg5 14. fxg5 Nc6
15. Bf4 Rf8 16. Qd2 Nd4 17. c3 Nc2+ 18. Qxc2 Rxf4 19. O-O-O Qxg5 20. Kb1 Bg4
21. Rdg1 Qf6 22. Qb3 Be6 23. Qxb7 Rd8 24. Qxc7 Rf2 25. Qxa7 Qf4 26. Bc6+ Kf8
27. Qxf2 Qxf2 28. Rf1 Qxf1+ 29. Rxf1+ Ke7 30. Be4 Rd7 31. b4 Kd6 32. a4 Rc7 33.
Kb2 g5 34. a5 h5 35. b5 Ra7 36. a6 g4 37. Bb7 1-0

[Event "Superettan(Rock.II,Sthlm-Rockaden,Umea)"]
[Site "?"]
[Date "2008.01.12"]
[Round "4"]
[White "Forsberg, Viktor"]
[Black "Lissang, Christopher"]
[Result "1/2-1/2"]
[WhiteElo "2307"]
[BlackElo "2289"]
[PlyCount "100"]

1. e4 c5 2. Nf3 d6 3. d4 cxd4 4. Nxd4 Nf6 5. Nc3 a6 6. Bc4 e6 7. Bb3 Be7 8. O-O
O-O 9. Re1 Nc6 10. Re3 Qb6 11. Nxc6 bxc6 12. Rg3 Kh8 13. Qf3 e5 14. Bg5 Be6 15.
Rd1 Rad8 16. Na4 Qb5 17. Nc3 Qb7 18. Qe2 g6 19. Bh6 Rfe8 20. Rgd3 Ng8 21. Bc1
Nf6 22. Bxe6 fxe6 23. b3 Nd7 24. Ba3 d5 25. Bxe7 Rxe7 26. Na4 Rf8 27. Rf3 Ref7
28. Rxf7 Rxf7 29. Qe3 Qb8 30. Nc5 d4 31. Nxd7 Rxd7 32. Qg3 Kg7 33. h4 h5 34.
Qd3 Qb5 35. Kh2 Rf7 36. f3 a5 37. Qd2 Qc5 38. Qg5 Qd6 39. c3 c5 40. cxd4 cxd4
41. Rc1 Rc7 42. Kg3 Rc3 43. Kf2 Qc7 44. Rxc3 dxc3 45. Ke2 c2 46. Qc1 Qc3 47. a3
Qxb3 48. Kd2 Kf6 49. Qxc2 Qxa3 50. Qc8 Qb2+ 1/2-1/2

[Event "Superettan(Rock.II,Sthlm-Rockaden,Umea)"]
[Site "?"]
[Date "2008.01.12"]
[Round "4"]
[White "Johansson, Robin"]
[Black "Engman, Rickard"]
[Result "1-0"]
[WhiteElo "2281"]
[BlackElo "2253"]
[PlyCount "69"]

1. e4 e5 2. Qh5 Nc6 3. Bc4 g6 4. Qf3 Nf6 5. Ne2 Bg7 6. d3 d5 7. exd5 Nb4 8. Bb3
Bg4 9. Qg3 O-O 10. Nec3 Qd7 11. Qh4 a5 12. Bg5 a4 13. Nxa4 Nfxd5 14. Nc5 Qc6
15. Qxg4 Qxc5 16. O-O e4 17. dxe4 Bxb2 18. exd5 Bxa1 19. Nd2 Bg7 20. Ne4 Qb6
21. Qh4 Nxa2 22. d6 cxd6 23. Nf6+ Bxf6 24. Bxf6 d5 25. Bxd5 h5 26. Qg5 Kh7 27.
Re1 Ra5 28. c4 Nb4 29. Rb1 Re8 30. g4 Re2 31. Qh4 Qd6 32. Bxf7 Nd3 33. Bd5 b5
34. gxh5 g5 35. Qxg5 1-0

[Event "Superettan(Rock.II,Sthlm-Rockaden,Umea)"]
[Site "?"]
[Date "2008.01.12"]
[Round "4"]
[White "Nygren, David"]
[Black "Olofsson, Dan"]
[Result "1-0"]
[WhiteElo "2253"]
[BlackElo "2235"]
[PlyCount "65"]

1. e4 e5 2. Nf3 Nc6 3. Bb5 a6 4. Ba4 Nf6 5. O-O Be7 6. Re1 b5 7. Bb3 O-O 8. h3
Bb7 9. d3 d6 10. a3 Na5 11. Ba2 c5 12. Nc3 Nc6 13. Nd5 Nxd5 14. Bxd5 Qc7 15. c3
Nb8 16. Ba2 Nd7 17. Nh2 c4 18. dxc4 bxc4 19. Qe2 Rac8 20. Nf1 Rfe8 21. Ng3 Bf8
22. Bg5 d5 23. exd5 Bxd5 24. Rad1 Qb7 25. Bb1 Nc5 26. Bf5 Rb8 27. Nh5 Bxg2 28.
Nf6+ gxf6 29. Qh5 Bg7 30. Qxh7+ Kf8 31. Bh6 Bxh6 32. Qxh6+ Ke7 33. Rxe5+ 1-0

[Event "Superettan(Rock.II,Sthlm-Rockaden,Umea)"]
[Site "?"]
[Date "2008.01.12"]
[Round "4"]
[White "Krzymowski, Alfred"]
[Black "Larsson, Johan"]
[Result "0-1"]
[WhiteElo "2182"]
[BlackElo "2176"]
[PlyCount "90"]

1. e4 c5 2. Nc3 a6 3. Nge2 d6 4. d4 cxd4 5. Nxd4 Nf6 6. Bg5 e6 7. f4 Qb6 8. Qd2
Nc6 9. Nb3 Ng4 10. h3 Qe3+ 11. Qxe3 Nxe3 12. Kd2 Nxf1+ 13. Rhxf1 h6 14. Bh4 g5
15. fxg5 Be7 16. Rae1 Ne5 17. Nd4 Bd7 18. Nf3 hxg5 19. Bg3 Nxf3+ 20. Rxf3 Bc6
21. Rf2 Rd8 22. Kc1 g4 23. hxg4 Rg8 24. Rf3 Rxg4 25. Re2 f5 26. Bf4 Rxf4 27.
Rxf4 Bg5 28. g3 e5 29. exf5 Kd7 30. Ne4 Bxe4 31. Rexe4 exf4 32. gxf4 Bh6 33.
Kd2 Rf8 34. Ke3 Rxf5 35. Kf3 b5 36. Kg4 Rc5 37. c3 Rc4 38. Kf5 Rxe4 39. Kxe4
Kc6 40. b3 Bg7 41. Kd3 Kd5 42. a3 Bf6 43. a4 bxa4 44. bxa4 a5 45. f5 Bh8 0-1

[Event "Superettan(Rock.II,Sthlm-Rockaden,Umea)"]
[Site "?"]
[Date "2008.01.12"]
[Round "4"]
[White "Hellstrom, Magnus"]
[Black "Todorovic, Zoran"]
[Result "1-0"]
[WhiteElo "2091"]
[BlackElo "2181"]
[PlyCount "69"]
[EventDate "2008.??.??"]

1. e4 c5 2. Nf3 d6 3. d4 cxd4 4. Nxd4 Nf6 5. Nc3 g6 6. Bc4 Nc6 7. Nxc6 bxc6 8.
e5 Ng4 9. Bf4 Qb6 10. Qf3 Qc5 11. Bxf7+ Kd8 12. exd6 exd6 13. O-O-O Qxf2 14.
Ne4 Qxf3 15. gxf3 Bh6 16. Ng5 Ke7 17. fxg4 Bxg5 18. Bxg5+ Kxf7 19. Rhf1+ Kg8
20. Rxd6 Bxg4 21. Bf6 Rf8 22. Re1 Rxf6 23. Rxf6 Kg7 24. Rxc6 h5 25. h4 Rd8 26.
c4 Rd4 27. Re7+ Kf8 28. Rxa7 Rd1+ 29. Kc2 Rd8 30. Rf6+ Ke8 31. Rff7 Bf5+ 32.
Kc3 Rd3+ 33. Kb4 Rd4 34. Rh7 Bd7 35. Ra8+ 1-0

[Event "Superettan(Rock.II,Sthlm-Rockaden,Umea)"]
[Site "?"]
[Date "2008.01.12"]
[Round "4"]
[White "Revelj, Oskar"]
[Black "Mardell, Jimmy"]
[Result "1-0"]
[WhiteElo "2144"]
[BlackElo "2141"]
[PlyCount "115"]

1. c4 c5 2. Nf3 Nf6 3. Nc3 d5 4. d4 cxd4 5. Nxd5 Nxd5 6. cxd5 Qxd5 7. Qxd4 Be6
8. e4 Qh5 9. Ne5 Nd7 10. Nxd7 Bxd7 11. Be2 Qa5+ 12. Bd2 Qb6 13. Be3 Qxd4 14.
Bxd4 e6 15. O-O Bc6 16. Rac1 Be7 17. Bxg7 Rg8 18. Bh6 Rg6 19. Rxc6 bxc6 20. Be3
Bd8 21. Bf4 Bg5 22. Bg3 Rd8 23. f4 Bf6 24. e5 Be7 25. Bf2 Rd2 26. Bf3 c5 27.
Rb1 Rg8 28. Kf1 Kd8 29. Ke1 Rd7 30. g3 Kc8 31. Bh5 Rf8 32. Rc1 Rc7 33. Ke2 Kb8
34. Rc2 f6 35. exf6 Rxf6 36. Be1 Bd6 37. Bf3 Rh6 38. h4 Rg6 39. Be4 Rgg7 40.
Kf3 h6 41. Bc3 Rg8 42. Rd2 Rd7 43. Ba5 Rdd8 44. Bxd8 Rxd8 45. Bc2 Kc7 46. Re2
Kd7 47. Bb3 e5 48. fxe5 Bf8 49. Rd2+ Ke7 50. Rxd8 Kxd8 51. Ke4 Bg7 52. Kf5 Ke7
53. Bc4 Bh8 54. b3 Bg7 55. g4 Bf8 56. Kg6 Ke8 57. g5 hxg5 58. hxg5 1-0

[Event "Superettan(Vastervik-Manhem II)"]
[Site "?"]
[Date "2008.01.12"]
[Round "4"]
[White "Welin, Mats"]
[Black "Ask, Josef"]
[Result "1-0"]
[WhiteElo "2264"]
[BlackElo "2283"]
[PlyCount "47"]

1. e4 e5 2. Nf3 Nc6 3. Bb5 f5 4. d3 Nf6 5. O-O fxe4 6. dxe4 Bc5 7. Qe2 d6 8.
Qc4 Qe7 9. Nc3 Bd7 10. Nd5 Nxd5 11. exd5 Nd4 12. Bxd7+ Qxd7 13. Nxe5 Qf5 14.
Nd3 b5 15. Re1+ Kf7 16. Qc3 Qxd5 17. Be3 Qc4 18. Nxc5 Nxc2 19. Qa5 Nxa1 20.
Qxc7+ Kg8 21. Qxd6 Nc2 22. Rc1 h5 23. b3 Nxe3 24. bxc4 1-0

[Event "Superettan(Vastervik-Manhem II)"]
[Site "?"]
[Date "2008.01.12"]
[Round "4"]
[White "Karlsson, Jorgen"]
[Black "Fendrich, David"]
[Result "1-0"]
[WhiteElo "2228"]
[BlackElo "2300"]
[PlyCount "123"]

1. Nf3 c5 2. e4 e6 3. d3 Nc6 4. g3 g6 5. Bg2 Bg7 6. c3 Nge7 7. O-O d6 8. Re1 e5
9. Nbd2 O-O 10. Nc4 h6 11. a4 Be6 12. Nfd2 Qd7 13. Ne3 f5 14. exf5 Nxf5 15. Ne4
b6 16. a5 d5 17. Nd2 Nxa5 18. Qa4 Rad8 19. b4 cxb4 20. Qxb4 Nc6 21. Qa4 Nxe3
22. fxe3 e4 23. d4 Rf6 24. Ba3 Bh3 25. Rf1 Bxg2 26. Kxg2 Na5 27. Bb4 Rxf1 28.
Qxd7 Rxd7 29. Kxf1 Nc6 30. Rb1 Nxb4 31. Rxb4 Rc7 32. c4 Bf8 33. Ra4 dxc4 34.
Rxc4 Rxc4 35. Nxc4 b5 36. Nd2 a5 37. Ke2 a4 38. Kd1 b4 39. Kc2 Kf7 40. Nxe4 Ke6
41. g4 Be7 42. h3 Kd5 43. Kd3 Bh4 44. Nc5 a3 45. e4+ Kc6 46. Kc2 Bf2 47. Nb3
Kb5 48. e5 Kc4 49. g5 Be3 50. h4 Kd5 51. h5 Ke6 52. hxg6 Bxg5 53. d5+ Ke7 54.
Kd3 h5 55. Ke4 Bh6 56. d6+ Ke8 57. Kf5 a2 58. Kf6 h4 59. e6 h3 60. d7+ Kd8 61.
e7+ Kxd7 62. Kf7 1-0

[Event "Superettan(Vastervik-Manhem II)"]
[Site "?"]
[Date "2008.01.12"]
[Round "4"]
[White "Eriksson, Mats"]
[Black "Elenius, Erik"]
[Result "1/2-1/2"]
[WhiteElo "2197"]
[BlackElo "2184"]
[PlyCount "101"]
[EventDate "2008.??.??"]

1. e4 c5 2. c3 Nf6 3. e5 Nd5 4. d4 cxd4 5. Nf3 Nc6 6. Bc4 Nb6 7. Bb3 d6 8. exd6
Qxd6 9. O-O Be6 10. Na3 dxc3 11. Nb5 Qxd1 12. Rxd1 Rc8 13. bxc3 Bxb3 14. axb3
a6 15. Be3 Nd7 16. Nbd4 e6 17. Ra2 Be7 18. Nxc6 Rxc6 19. Rad2 Nf6 20. c4 O-O
21. Ne5 Rcc8 22. Bb6 Bc5 23. Bxc5 Rxc5 24. Nd7 Nxd7 25. Rxd7 b5 26. cxb5 Rxb5
27. Ra7 g6 28. h4 h5 29. Rxa6 Rxb3 30. Rda1 Rfb8 31. Ra8 Rxa8 32. Rxa8+ Kg7 33.
g3 Rb7 34. Ra5 Kf6 35. Kg2 Rd7 36. Kf3 Rd5 37. Ra7 Rb5 38. Ra4 g5 39. hxg5+
Kxg5 40. Rc4 Rf5+ 41. Ke3 Ra5 42. Kf3 Ra3+ 43. Kg2 Rd3 44. Ra4 f6 45. Rb4 Rd5
46. Ra4 e5 47. Kf3 Kf5 48. Rh4 Kg5 49. Ra4 Kf5 50. Rh4 Kg5 51. Ra4 1/2-1/2

[Event "Superettan(Vastervik-Manhem II)"]
[Site "?"]
[Date "2008.01.12"]
[Round "4"]
[White "Sternlund, Hakan"]
[Black "Andersson, Goran"]
[Result "1/2-1/2"]
[WhiteElo "2223"]
[BlackElo "2190"]
[PlyCount "79"]

1. c4 g6 2. Nc3 Bg7 3. g3 e5 4. Bg2 Ne7 5. d3 O-O 6. e4 d6 7. Nge2 f5 8. O-O
Nbc6 9. Nd5 Be6 10. Be3 Qd7 11. Qd2 Nd4 12. Nxd4 exd4 13. Nxe7+ Qxe7 14. Bg5
Qd7 15. exf5 Rxf5 16. Be4 Rf7 17. Bxb7 Raf8 18. Bg2 Bh3 19. f3 Bxg2 20. Kxg2
Qc6 21. Qe2 Re8 22. Qf2 Ref8 23. Rae1 h6 24. Bc1 g5 25. Re4 Rxf3 26. Qxf3 Rxf3
27. Kxf3 Qa4 28. Re2 Qxa2 29. Kg2 Qb3 30. Rd2 Be5 31. Kf2 Kg7 32. Ke1 a5 33.
Rf3 a4 34. Ke2 Qa2 35. Ke1 Qb3 36. Ke2 Qb7 37. Rf1 Qc6 38. Kd1 Qb7 39. Ke2 Qb3
40. Ke1 1/2-1/2

[Event "Superettan(Vastervik-Manhem II)"]
[Site "?"]
[Date "2008.01.12"]
[Round "4"]
[White "Andersson, Kaj"]
[Black "Harren, Mats"]
[Result "0-1"]
[WhiteElo "2095"]
[BlackElo "2087"]
[PlyCount "54"]

1. e4 d6 2. d4 Nf6 3. Nc3 Nbd7 4. f4 e5 5. Nf3 exd4 6. Qxd4 c6 7. Be2 d5 8.
exd5 Bc5 9. Qd3 Qb6 10. dxc6 bxc6 11. Bd2 Bf2+ 12. Kf1 Nc5 13. Be3 Bxe3 14.
Qxe3+ Be6 15. Ng5 O-O 16. Nxe6 fxe6 17. g3 e5 18. Kg2 exf4 19. gxf4 Kh8 20.
Rad1 Rae8 21. Qh3 Qxb2 22. Rhf1 Nd5 23. Bd3 Nxd3 24. Rxd3 Nxf4+ 25. Rxf4 Qxc2+
26. Kg1 Rxf4 27. Qg3 Rg4 0-1

[Event "Superettan(Vastervik-Manhem II)"]
[Site "?"]
[Date "2008.01.12"]
[Round "4"]
[White "von Bromssen, Goran"]
[Black "Broddefalk, Arvid"]
[Result "1/2-1/2"]
[WhiteElo "2086"]
[BlackElo "1985"]
[PlyCount "56"]

1. d4 f5 2. c4 Nf6 3. Nf3 g6 4. g3 Bg7 5. Bg2 O-O 6. O-O d6 7. Nc3 Qe8 8. Qc2
c6 9. Bd2 e5 10. dxe5 dxe5 11. e4 f4 12. Rae1 Nh5 13. Ne2 Na6 14. gxf4 exf4 15.
Bc3 Nc5 16. Bxg7 Nxg7 17. Ned4 Nce6 18. Rd1 Nxd4 19. Rxd4 Qe7 20. Ne1 Ne6 21.
Rd1 Ng5 22. f3 Nf7 23. Nd3 Ne5 24. Nxe5 Qxe5 25. Rf2 Be6 26. b3 Rad8 27. Rfd2
Rxd2 28. Qxd2 g5 1/2-1/2

[Event "Superettan(Orgryte-Lundby)"]
[Site "?"]
[Date "2008.01.12"]
[Round "4"]
[White "Virolainen, Victor"]
[Black "Ziegler, Ari"]
[Result "0-1"]
[WhiteElo "2277"]
[BlackElo "2419"]
[PlyCount "74"]

1. e4 c5 2. Nc3 a6 3. f4 b5 4. d3 b4 5. Nce2 d5 6. Ng3 Nc6 7. Be2 e6 8. Be3 Nf6
9. Bf3 Be7 10. N1e2 h5 11. e5 Ng4 12. Bd2 g6 13. c4 bxc3 14. bxc3 Nh6 15. O-O
h4 16. Nh1 g5 17. Nf2 Rg8 18. fxg5 Nxe5 19. Nh3 Nf5 20. Bf4 Nxf3+ 21. Rxf3 Bd7
22. d4 Bb5 23. dxc5 Bxc5+ 24. Nd4 Rc8 25. Be5 Qa5 26. a4 Bd7 27. Qe2 Rg6 28.
Kh1 Bxd4 29. cxd4 Kf8 30. Raf1 Qxa4 31. Rxf5 exf5 32. Qh5 Qa3 33. Re1 Be6 34.
Nf4 Rc1 35. Nxg6+ Ke8 36. Qh8+ Kd7 37. Nf8+ Kc6 0-1

[Event "Superettan(Orgryte-Lundby)"]
[Site "?"]
[Date "2008.01.12"]
[Round "4"]
[White "Frisk Kockum, Anton"]
[Black "Sigurgeirsson, Brjann"]
[Result "0-1"]
[WhiteElo "2337"]
[BlackElo "2185"]
[PlyCount "88"]

1. d4 Nf6 2. Nf3 g6 3. c4 c5 4. d5 e6 5. Nc3 exd5 6. cxd5 d6 7. e4 Bg7 8. Be2
O-O 9. Nd2 Re8 10. O-O Na6 11. a4 Nc7 12. f4 Rb8 13. Bf3 b6 14. Re1 Ba6 15.
Ndb1 Bb7 16. Na3 a6 17. g4 b5 18. axb5 axb5 19. Naxb5 Nxb5 20. Nxb5 Bxd5 21.
Nc3 Bb3 22. Qd2 Qb6 23. Qf2 Nd7 24. Be3 Bc4 25. Na4 Qc7 26. Kh1 Rb5 27. Rac1
Rb4 28. Nc3 Reb8 29. Nd1 Bd3 30. e5 dxe5 31. Bxc5 Rxf4 32. Be3 Rc4 33. Bd5 Rxc1
34. Bxc1 Qxc1 35. Ne3 Qc7 36. Qxf7+ Kh8 37. Be6 Qb7+ 38. Bd5 Be4+ 39. Bxe4
Qxe4+ 40. Ng2 Qc6 41. Rd1 Rxb2 42. Qe8+ Bf8 43. Rg1 Kg7 44. g5 Rb8 0-1

[Event "Superettan(Orgryte-Lundby)"]
[Site "?"]
[Date "2008.01.12"]
[Round "4"]
[White "Nuoristo, Peter"]
[Black "Rolen, Magnus"]
[Result "1-0"]
[WhiteElo "2216"]
[BlackElo "2199"]
[PlyCount "115"]

1. d4 Nc6 2. Nf3 d6 3. h3 e5 4. Nc3 Bd7 5. e4 Nf6 6. Bg5 Be7 7. d5 Nb8 8. Qd2
O-O 9. Bd3 a5 10. O-O Na6 11. Rfe1 Nc5 12. Bf1 Ne8 13. Be3 b6 14. Bxc5 bxc5 15.
Bb5 f5 16. Bxd7 Qxd7 17. exf5 Rxf5 18. Qd3 Rb8 19. b3 Nf6 20. Nd2 Rf8 21. Nde4
Nxe4 22. Nxe4 a4 23. Qc4 Ra8 24. Nxc5 dxc5 25. d6+ Kh8 26. dxe7 Qxe7 27. bxa4
h6 28. Qe4 Raf8 29. f3 Qf7 30. a5 Qe6 31. Re3 Rg5 32. Kh2 Qa6 33. Ra3 Qb5 34.
Qe3 Qb2 35. Qc3 Qb5 36. Qd3 Qb2 37. Qc3 Qb5 38. Re1 c4 39. a6 Ra8 40. a7 Qb7
41. Qe3 Rf5 42. Re2 Rff8 43. Re1 Rfe8 44. Re2 Rf8 45. Rd2 Qb5 46. Re2 Rfe8 47.
Qc3 Qc5 48. Ra5 Qb6 49. Rexe5 Rxe5 50. Qxe5 Rxa7 51. Qe8+ Kh7 52. Qe4+ Kh8 53.
Re5 Qd6 54. f4 Kg8 55. Qxc4+ Kh7 56. Qe4+ Kg8 57. Re6 Ra4 58. Qxa4 1-0